Normal view
MARC view
Entry Personal Name
001 - CONTROL NUMBER
- control field: 8707
003 - CONTROL NUMBER IDENTIFIER
- control field: OSt
005 - DATE AND TIME OF LATEST TRANSACTION
- control field: 20160511135729.0
008 - FIXED-LENGTH DATA ELEMENTS
- fixed length control field: 160511|| aca||aabn | a|a d
040 ## - CATALOGING SOURCE
- Original cataloging agency: OSt
- Transcribing agency: OSt
100 ## - HEADING--PERSONAL NAME
- Personal name: Collar,N.J;Stuart,S.N;
670 ## - SOURCE DATA FOUND
- Source citation: Work cat.: (OSt): Collar,N.J;Stuart,S.N;, Threatened Birds of Africa and Related Island., 1985.
